Personnages célèbres - Série 56 - Statistiques

Statistiques générales
  • Ce quiz a été pris 168 fois
  • Le résultat moyen est 9 sur 15
Statistiques - réponses
Par images Hint Réponse % Correct
Marsupilami
93%
Marlon - cinéma Brando
90%
Francky - chanson Vincent
85%
Sean - cinéma Penn
83%
Russell - cinéma Crowe
76%
Jack - cinéma Nicholson
74%
Viggo - cinéma Mortensen
65%
Luc - ski-automobile Alphand
59%
Maria - théâtre Pâcome
51%
Virginie - cinéma Lemoine
41%
Christopher - cinéma Walken
37%
Tom - cinéma Hardy
34%
Montgomery - cinéma Clift
28%
Marie - cinéma Dubois
21%
Gian Maria - cinéma Volonte
21%
Aucun quiz correspondant
Distribution des résultats
% des personnes avec chaque résultat
Percentile par nombre de réponses
Votre historique - résultats
Vous n’avez pas pris ce quiz